000 00293nam a2200109Ia 4500
008 220204s9999 xx 000 0 und d
082 _a066.02
_bBRI
100 _aBrian, P L Thibant
245 0 _aStaged cascades in chemical processing
260 _aNew Jersey
_bPrentice hall
_c1972
942 _cBK
999 _c26899
_d26899